| 000 | 00496nam a2200169Ia 4500 | ||
|---|---|---|---|
| 999 |
_c12073 _d12073 |
||
| 003 | OSt | ||
| 005 | 20210206133413.0 | ||
| 008 | 190216s9999||||xx |||||||||||||| ||und|| | ||
| 040 | _coclc | ||
| 082 |
_a820.82 _bGAN/O |
||
| 100 | 1 |
_aGandhi, Mahatma _922 _d1869-1948 |
|
| 245 | 0 |
_aOur Language Problem / _cMahatma Gandhi |
|
| 260 |
_bBharatiya Vidya Bhavan, _c1965. _aBombay: |
||
| 300 | _a132p | ||
| 650 | _aEnglish General | ||
| 942 |
_cBK _2ddc _h820.82 _iGAN/O _k820.82 _mGAN/O |
||